| 000 | 00538nam a22001697a 4500 | ||
|---|---|---|---|
| 005 | 20251208110344.0 | ||
| 008 | 251208b |||||||| |||| 00| 0 eng d | ||
| 040 | _aMAIN | ||
| 082 |
_a350 _bD612S |
||
| 100 | _aDinesh | ||
| 245 | _aSolahaveen lokasabha mein sansad sadasy sthaniy kshetr vikas yojana ka kiryanvanan: Haryana rajya ka ek adhyayan | ||
| 260 |
_bDepartment of Public Administraion, M D University, Rohtak _c2025 |
||
| 300 | _axii, 289 | ||
| 650 | _aPublic Administration | ||
| 700 | _aKundu, Rajesh Kumar | ||
| 942 | _cTH | ||
| 999 |
_c394552 _d394552 |
||